| 000 | 00711cam a2200205 i 4500 | ||
|---|---|---|---|
| 005 | 20260409094756.0 | ||
| 008 | 250721s2002 ua gr 000 j ara d | ||
| 020 | _a9772772698 | ||
| 041 | 1 |
_aara _aeng |
|
| 082 | 1 | 4 |
_aF _bT H E |
| 245 | 0 | 4 |
_aTHE ADVENTURES OF ROBIN HOOD / _cعلي الجوهري. |
| 246 | 1 | 1 | _aمغامرات روبين هود ، من التراث الشعبي - إنجليزي -عربي |
| 264 | 3 | 1 |
_aالقاهرة : _bدار الطلائع للنشر و التوزيع، _c2002. |
| 300 | _a127 صفحة. | ||
| 650 | 1 | 7 | _aالأدب المترجم. |
| 650 | 1 | 7 | _aالقصص. |
| 700 | 1 |
_aالجوهري، علي _etranslator. |
|
| 942 |
_2ddc _cBK |
||
| 999 |
_c89718 _d89718 |
||